[Event "Regionalliga SW 0809"]
[Site "Bayern"]
[Date "2009.02.01"]
[Round "6.7"]
[White "Mattes, Heinz"]
[Black "Abraham, Ludwig"]
[Result "1-0"]
[WhiteElo "1888"]
[BlackElo "1842"]
[PlyCount "45"]
[EventDate "2008.10.05"]
[EventType "team-tourn"]
[EventRounds "9"]
[EventCountry "GER"]
[SourceTitle "EXT 2020"]
[Source "ChessBase"]
[SourceDate "2019.10.17"]
[SourceVersion "1"]
[SourceVersionDate "2019.10.17"]
[SourceQuality "1"]
[WhiteTeam "Muenchen Siemens"]
[BlackTeam "Muenchen Suedost"]
[WhiteTeamCountry "GER"]
[BlackTeamCountry "GER"]

1. d4 d5 2. Nf3 c6 3. e3 Nf6 4. Bd3 g6 5. Nbd2 Bg7 6. b3 0-0 7. Bb2 b6 8. Qe2 a5 9. Ne5 Qc7 10. 0-0 Nfd7 11. f4 f6 12. Nxg6 hxg6 13. Bxg6 f5 14. Qh5 Nf6 15. Qh4 e6 16. Nf3 Bh8 17. Ba3 Qg7 18. Ne5 Ra7 19. Rf3 Ne4 20. Bxf8 Qxf8 21. Rh3 Qf6 22. Qh5 Rc7 23. Bxf5 1-0

[Event "Regionalliga SW 0708"]
[Site "Bayern"]
[Date "2007.11.25"]
[Round "3.7"]
[White "Abraham, Ludwig"]
[Black "Rimmelspacher, Udo"]
[Result "1-0"]
[WhiteElo "1840"]
[BlackElo "2052"]
[PlyCount "99"]
[EventDate "2007.10.21"]
[EventType "team-tourn"]
[EventRounds "9"]
[EventCountry "GER"]
[SourceTitle "EXT 2009"]
[Source "ChessBase"]
[SourceDate "2008.11.26"]
[SourceVersion "1"]
[SourceVersionDate "2008.11.26"]
[SourceQuality "1"]
[WhiteTeam "Muenchen Suedost"]
[BlackTeam "Unterhaching"]
[WhiteTeamCountry "GER"]
[BlackTeamCountry "GER"]

1. e4 d5 2. exd5 Qxd5 3. Nc3 Qa5 4. d4 Nf6 5. Nf3 Bf5 6. Bd3 c6 7. 0-0 Bg4 8. Bd2 Qc7 9. Ne4 Nbd7 10. c4 e6 11. Re1 0-0-0 12. Bc3 Nxe4 13. Bxe4 Nf6 14. h3 Bh5 15. Qa4 Nxe4 16. Rxe4 Bxf3 17. gxf3 Kb8 18. Rae1 h5 19. Ba5 b6 20. Bd2 Kb7 21. b4 g5 22. R1e3 Bh6 23. Ra3 Kb8 24. b5 g4 25. Bxh6 Rxh6 26. fxg4 hxg4 27. Rxg4 f5 28. Rgg3 f4 29. Rg4 Rf6 30. bxc6 e5 31. d5 Rf7 32. c5 bxc5 33. Rb3+ Ka8 34. Rb7 Qxb7 35. cxb7+ Kb8 36. f3 Rxb7 37. Qc2 Rc7 38. h4 c4 39. Qb2+ Kc8 40. Qxe5 c3 41. Rg7 Rdd7 42. Rxd7 Kxd7 43. Qxf4 c2 44. Qc1 Kd6 45. Kf2 Kxd5 46. h5 Kd4 47. h6 Kc3 48. Qa3+ Kc4 49. Ke3 Re7+ 50. Kd2 1-0